000 00936nam a2200289 4500
001 36266
003 BD-RjUL
005 20211209052448.0
008 701120s1966 maub b 001 0 eng
035 _a(BD-RjUL)36363
040 _aDLC
_cDLC
_dDLC
_dBD-RjUL
_beng
041 _aeng
082 0 0 _a320.945
_bADG 1966
100 1 _aAdams, John Clarke,
_d1910-2000.
_9110372
245 1 4 _aThe government of republican Italy /
_c[by] John Clarke Adams [and] Paolo Barile.
250 _a2nd ed.
260 _aBoston :
_bHoughton Mifflin,
_c1966.
300 _a251 p. :
_bill. ;
_c21 cm.
504 _aBibliography: p. 239-241.
504 _aIncludes index.
651 0 _aItaly
_xPolitics and government
_y1945-1976.
_9110373
651 0 _aItaly
_xPolitics and government
_vHandbooks, manuals, etc.
_9110374
700 1 _aBarile, Paolo,
_ejoint author.
_9110375
942 _2ddc
_cBK
999 _c36266
_d36266